000 00595nam a22001817a 4500
999 _c62321
_d62321
005 20240925163525.0
008 240925s2019 enk||||| |||| 00| 0 eng d
020 _a9780128099674x
041 _aeng
080 _a575 M-48
100 _aMeng, Haiying
_923288
245 _aSelf-assessment questions for clinical molecular genetics /
_cHaiying Meng.
264 _aOxford :
_bElsevier,
_c2019.
300 _a802 p.;
_b28 cm.
653 _aკლინიკური მოლეკულური გენეტიკა
653 _aმედიცინა
942 _2udc
_cᲬᲘᲒᲜᲘ